| 000 | 01008nas a2200349 4500 | ||
|---|---|---|---|
| 001 | BR2013004389 | ||
| 003 | BR-BrBNA | ||
| 005 | 20231205122506.0 | ||
| 007 | ta | ||
| 008 | 230509b bl.|||p| |||| 00| 00por d | ||
| 040 |
_aBR-BrBNA _bpor _cBiblioteca Nacional de Agricultura |
||
| 041 | _a(Pt) | ||
| 072 | _aL02 | ||
| 100 | 1 | _aOliveira, B.F. de | |
| 100 | 1 | _aKiefer, C. | |
| 100 | 1 | _aSantos, T.M.B. dos | |
| 100 | 1 | _aGarcia, E.R. de M. | |
| 100 | 1 | _aMarçal, D.A. | |
| 100 | 1 | _aAbreu, R.C. de | |
| 100 | 1 | _aRodrigues, G.P. | |
| 245 | 1 | _aPeríodo de suplementação de ractopamina em dietas para suinos machos castrados em terminação | |
| 650 | _aSUÍNO | ||
| 650 | _aADITIVO | ||
| 650 | _aSUPLEMENTO ALIMENTAR | ||
| 650 | _aDIETA | ||
| 650 | _aCUSTO-BENEFÍCIO | ||
| 650 | _aCARNE | ||
| 650 | _aQUALIDADE | ||
| 773 | 0 |
_tCiência Rural (Brazil) _xISSN 0103-8478 _g(Feb 2013), v. 43(2) p. 355-360 _wBR2013004389 |
|
| 909 |
_a202311 _bLúcia _c55 _dLúcia Elande |
||
| 942 |
_2AGRIS _n0 _cANA |
||
| 999 |
_c228932 _d228932 |
||